| 000 | 00667nam a2200193 i 4500 | ||
|---|---|---|---|
| 001 | 98287 | ||
| 003 | ES-MaACL | ||
| 005 | 20240421063025.0 | ||
| 007 | t| | ||
| 008 | 050727s1979 sp ||||1| spa d | ||
| 100 | 1 |
_aMarrodán, Mario Ángel, _d1932-2005 _977080 |
|
| 245 | 1 | 0 |
_aItxasotarak = (Gente de mar) _b: zarzuela vasca / _clibreto de Mario Angel Marrodán y Ramón de Zumelzu; música de: Fede Cobos. |
| 260 |
_aBilbao : _bAgrupación Hispana de Escritores, _c1979. |
||
| 300 |
_a73 p. ; _c19 cm. |
||
| 700 | 1 |
_aZumelzu, Ramón de. _9118495 |
|
| 700 | 1 |
_aCobos, Fede. _939362 |
|
| 852 |
_aES-MaACL _jA-10425 _bR.99386 |
||
| 999 |
_c98287 _d98287 |
||